Los Derechos del trabajador latinoamericano: Agresiones y desafíos. Informe 1995 /

Na minha lista:
Detalhes bibliográficos
Autores corporativos: Comisión Latinoamericana por los Derechos y Libertades de los Trabajadores y los Pueblos, CLADEHLT
Formato: Texto
Publicado em: Caracas: CLADEHLT
Tags: Adicionar Tag
Sem tags, seja o primeiro a adicionar uma tag!

MARC

LEADER 00000 a a2200000 04500
001 22839
003
040
090 |a 157300  
110 |a Comisión Latinoamericana por los Derechos y Libertades de los Trabajadores y los Pueblos  
245 |a Los Derechos del trabajador latinoamericano: Agresiones y desafíos. Informe 1995 /  |c Comisión Latinoamericana por los Derechos y Libertades de los Trabajadores y los Pueblos  
260 |a Caracas:   |b CLADEHLT  
300 |a 67 p   |b **no definido**   |b il.   |b fonodiscos  
710 |a CLADEHLT  
999 |c 5620  |d 5620